| 000 | 00660cam a22002293a 4500 | ||
|---|---|---|---|
| 001 | 19935 | ||
| 003 | PGUSA | ||
| 005 | 20140828083424.0 | ||
| 008 | 061127s2006||||xxu|||||s|||||000 | eng d | ||
| 040 |
_aPGUSA _beng |
||
| 042 | _adc | ||
| 050 | 4 | _aPS | |
| 100 | 1 |
_aMorley, John, _d1838-1923 |
|
| 245 | 1 | 0 |
_aCritical Miscellanies, Vol. 1, Essay 5, Emerson _h[electronic resource] / _cJohn Morley |
| 260 |
_bProject Gutenberg, _c2006 |
||
| 506 | _aPublic domain in the USA. | ||
| 516 | _aElectronic text | ||
| 653 | _aEmerson, Ralph Waldo, 1803-1882 | ||
| 830 | 0 |
_aProject Gutenberg _v19935 |
|
| 856 | 4 | 0 | _uhttp://www.gutenberg.org/ebooks/19935 |
| 942 | _cEB | ||
| 999 |
_c249190 _d249190 |
||